| 000 | 00722nam a2200193Ia 4500 | ||
|---|---|---|---|
| 003 | GCL | ||
| 008 | 140319s9999 xx 000 0 ara d | ||
| 040 |
_aGCL / _cGCL |
||
| 082 | 0 | 4 |
_a325.32 _bب ك |
| 100 | 1 | _aبرير، مايكل | |
| 245 | 1 | 0 |
_aالكتاب المقدس والاستعمار الاستيطانى : _bامريكا اللاتينية ، جنوب أفريقية ، فلسطين / _cبرير، مايكل |
| 250 | _aالثالثة | ||
| 260 |
_aسوريا : _bقدمس للنشر والتوزيع ، _c2004 |
||
| 300 |
_a425 ص ؛ _c20 سم |
||
| 650 | 0 | 4 | _aالكنيسة والدولة |
| 650 | 0 | 4 | _aالاستعمار |
| 650 | 0 | 4 | _aالكنيسة والمشاكل السياسية |
| 942 |
_2ddc _cBK |
||
| 999 |
_c8116 _d8116 |
||